Detalles MARC
| 000 -LÍDER |
| Campo fijo de descripción fija |
019770000a22003610004500 |
| 001 - NÚMERO DE CONTROL |
| Campo de control |
18559 |
| 003 - IDENTIFICADOR DEL NÚMERO DE CONTROL |
| Campo de control |
CO-MdFUSB |
| 005 - FECHA Y HORA DE LA ULTIMA TRANSACCIÓN |
| control field |
20241002062720.0 |
| 008 - ELEMENTOS DE LONGITUD FIJA -- INFORMACIÓN GENERAL |
| Campo fijo de descripción fija -- Información general |
160729t2013 sp ||||f |||| 00| 0 spa d |
| 020 ## - NÚMERO INTERNACIONAL NORMALIZADO PARA LIBROS |
| Número Internacional Normalizado del libro |
9788430118342 |
| 040 ## - FUENTE DE CATALOGACIÓN |
| Agencia de catalogación original |
CO-MdFUSB |
| Idioma de catalogación |
Español |
| Agencia que realiza la transcripción |
CO-MdFUSB |
| Agencia que realiza la modificación |
CO-MdFUSB |
| 041 ## - CÓDIGO DE IDIOMA |
| Código de idioma para texto/pista de sonido o título separado |
spa |
| 082 ## - NÚMERO DE CLASIFICACIÓN DECIMAL DEWEY |
| Número de la edición del Dewey |
24 |
| Número de clasificación |
G 270.1 |
| Clave de autor-Numero de item |
F488f |
| 245 00 - TÍTULO |
| Título del Material |
La filocalia de la oración de Jesús |
| 250 ## - MENCIÓN DE EDICIÓN |
| Mención de edición |
Segunda edición |
| 264 ## - PRODUCCIÓN, PUBLICACIÓN, DISTRIBUCIÓN, MANUFACTURA, Y COPYRIGHT |
| Lugar de producción, publicación, distribución, manufactura |
Salamanca, |
| Nombre del productor, publicador, distribuidor |
España : Sígueme, |
| Fecha de producción, publicación, distribución, manufactura, o copyright |
2013 |
| 300 ## - DESCRIPCIÓN FÍSICA |
| Extensión |
206 páginas |
| Dimensiones |
21,5 cm |
| 336 ## - TIPO DE CONTENIDO |
| Fuente |
rdacontent |
| Término de tipo de contenido |
|
| Código de tipo de contenido |
|
| 337 ## - TIPO DE MEDIO |
| Fuente |
rdamedia |
| Nombre del tipo de medio |
|
| Código del tipo de medio |
|
| 338 ## - TIPO DE SOPORTE |
| Fuente |
rdacarrier |
| Nombre del tipo de soporte |
|
| Código Tipo de soporte |
|
| 490 ## - MENCIÓN DE SERIE |
| Mención de serie |
ICTHYS : Oriente cristiano / Dirigida por Francisco José López Sáez ; |
| 501 ## - NOTA DE “CON” |
| Nota de Contenido |
Rústico |
| 505 00 - NOTA DE CONTENIDO |
| Nota de contenido con formato preestablecido |
En el siglo XVIII, el príncipe Maurocordato encargó a un obispo llamado Macario y a un monje de nombre Nicodemo que recopilaran y ordenaran los textos fundamentales sobre la oración del espíritu. Aquel amplio compendio pretendía favorecer la práctica de la oración constante en medio de la vida activa e iniciar en la contemplación de la voluntad de Dios. El resultado fue un volumen de más de mil páginas, del cual el presente libro es una antología. Desde los Padres del desierto hasta los autores espirituales del siglo XV, cada uno aporta a la Filocalia lo mejor de su sabiduría sobre la práctica de la oración del corazón. De hecho, esta plegaria busca instalarse en cada uno de los latidos del creyente para que el propio Jesucristo vaya conformando su ser. Orar para alcanzar la divinización en el Hijo con el Espíritu Santo, resplandor glorioso de la Trinidad. |
| 600 07 - ASIENTO SECUNDARIO DE MATERIA - NOMBRE PERSONAL |
| Nombre personal |
Jesucristo |
| Subdivisión general |
Vida y obra |
| 600 07 - ASIENTO SECUNDARIO DE MATERIA - NOMBRE PERSONAL |
| Nombre personal |
Jesucristo |
| Subdivisión general |
Vida espiritual |
| 650 #7 - ASIENTO SECUNDARIO DE MATERIA - TERMINO TEMÁTICO |
| Término temático o nombre geográfico como elemento de entrada |
Cristianismo |
| Subdivisión general |
Historia |
| Subdivisión cronológica |
0030-0600 (Iglesia primitiva) |
| Fuente del encabezamiento o término |
|
| 9 (RLIN) |
217 |
| 650 #7 - ASIENTO SECUNDARIO DE MATERIA - TERMINO TEMÁTICO |
| 9 (RLIN) |
86 |
| Término temático o nombre geográfico como elemento de entrada |
Oración |
| 653 ## - TÉRMINO DE INDIZACIÓN - NO CONTROLADO |
| Término no controlado |
Oración de Jesús |
| 653 ## - TÉRMINO DE INDIZACIÓN - NO CONTROLADO |
| Término no controlado |
Textos fundamentales de la iglesia |
| 653 ## - TÉRMINO DE INDIZACIÓN - NO CONTROLADO |
| Término no controlado |
Contemplación |
| 653 ## - TÉRMINO DE INDIZACIÓN - NO CONTROLADO |
| Término no controlado |
Antología |
| 942 ## - TIPO DE MATERIAL (KOHA) |
| Tipo de Item KOHA |
Libros General |